logo

Bir Sreshtho Munshi Abdur Rouf Library
Jhenaidah Cadet College

What Katy did ; What Katy did at school / (Record no. 7813)

MARC details
000 -LEADER
fixed length control field 00672nam a22002411a 4500
001 - CONTROL NUMBER
JCCL Control Number 7813
003 - CONTROL NUMBER IDENTIFIER
JCCL marc code BD - JhCC
005 - DATE AND TIME OF LATEST TRANSACTION
control field 20180214131051.0
008 - FIXED-LENGTH DATA ELEMENTS--GENERAL INFORMATION
fixed length control field 930805s1986 enka j 000 1 eng d
020 ## - INTERNATIONAL STANDARD BOOK NUMBER
International Standard Book Number 0600311708
035 ## - SYSTEM CONTROL NUMBER
system control number (BD - JhCC)7813
040 ## - CATALOGING SOURCE
Original cataloging agency UKM
Transcribing agency UKM
Modifying agency EQO
-- BD - JhCC
041 ## - LANGUAGE CODE
Language code of Book eng
082 ## - DEWEY DECIMAL CLASSIFICATION NUMBER
Classification number 813/.4
DDC Edition number 19
Author mark and Year COO1986
100 1# - MAIN ENTRY--PERSONAL NAME
Personal name Coolidge, Susan,
Dates associated with a name 1835-1905.
245 10 - TITLE STATEMENT
Title What Katy did ; What Katy did at school /
Statement of responsibility, etc Susan Coolidge
260 ## - PUBLICATION, DISTRIBUTION, ETC. (IMPRINT)
Place of publication, distribution, etc Twickenham :
Name of publisher, distributor, etc Hamlyn,
Date of publication, distribution, etc 1986
300 ## - PHYSICAL DESCRIPTION
Pagination 271 p. :
Other physical details ill. ;
Dimensions 22 cm
700 12 - ADDED ENTRY--PERSONAL NAME
Personal name Coolidge, Susan M.
Title of a work What Katy did at school.
830 #0 - SERIES ADDED ENTRY--UNIFORM TITLE
Uniform title Hamlyn classics
942 ## - ADDED ENTRY ELEMENTS (KOHA)
Source of classification or shelving scheme Dewey Decimal Classification
Koha item type Books
Holdings
Source of classification or shelving scheme Damaged status Not for loan Home library Current library Shelving location Date of accession Total Checkouts Full call number Barcode Date last seen Copy number Koha item type
Dewey Decimal Classification     JCC Rouf Library JCC Rouf Library General Stacks 03/22/2018   813/.4 COO1986 9281 03/22/2018 C-1 Books

JCC Library | Contacts | JCC Home

Last Update on 23 September 2017
Copyright @ 2017-2020 JCC Rouf Library
Rouf Library, Jhenidah Cadet College (JCC), Bangladesh